[Event "Coppa del Mondo FIDE 2025"]
[Site "Goa"]
[Date "02.11.2025"]
[Round "0B"]
[White "Motylev, Alexander"]
[Black "Avila Pavas, Santiago"]
[Result "1-0"]
[WhiteTitle "GM"]
[BlackTitle "GM"]
[WhiteElo "2586"]
[BlackElo "2516"]
[WhiteFideId "4121830"]
[BlackFideId "4437128"]
[EventDate "2025.11.01"]
[EventType "k.o."]

1. e4 c5 2. Nf3 d6 3. Bb5+ Nd7 4. d4 cxd4 5. Nxd4 Nf6 6. O-O a6 7. Bd3 Nc5 8.
Re1 e6 9. c4 Be7 10. Nc3 O-O 11. Bf1 Qc7 12. f3 b6 13. Be3 Bb7 14. Rc1 Rac8 15.
Qd2 Qb8 16. Kh1 Rfe8 17. b4 Ncd7 18. a3 Bd8 19. Bg1 Bc7 20. Rcd1 Ne5 21. Qa2 h5
22. Bf2 Ng6 23. Rb1 h4 24. a4 d5 25. exd5 exd5 26. Rxe8+ Rxe8 27. c5 Bxh2 28.
cxb6 Nh5 29. b5 Ng3+ 30. Kxh2 Nxf1+ 31. Kg1 Qh2+ 32. Kxf1 Nf4 33. Bg1 Qh1 34.
Qf2 Bc8 35. Re1 Rxe1+ 36. Kxe1 Nd3+ 37. Ke2 Nxf2 38. Kxf2 axb5 39. Nxd5 h3 40.
gxh3 Qxh3 41. Ne7+ Kf8 42. Nxc8 Qxc8 43. a5 Ke8 44. Nb3 Kd7 45. b7 Qc2+ 46. Kg3
Kc7 47. a6 Qg6+ 48. Kf2 Qxa6 49. Bh2+ Kxb7 50. Nc5+ Kb6 51. Nxa6 Kxa6 52. Be5 f6
53. Bd6 Kb6 54. Ke3 Kc6 55. Bf8 g6 56. Bg7 Kd5 57. Bxf6 Ke6 58. Bg5 1-0

[Event "Coppa del Mondo FIDE 2025"]
[Site "Goa"]
[Date "02.11.2025"]
[Round "0B"]
[White "Aronyak, Ghosh"]
[Black "Bartel, Mateusz"]
[Result "1-0"]
[WhiteTitle "IM"]
[BlackTitle "GM"]
[WhiteElo "2520"]
[BlackElo "2575"]
[WhiteFideId "25072846"]
[BlackFideId "1112635"]
[EventDate "2025.11.01"]
[EventType "k.o."]

1. d4 Nf6 2. c4 e6 3. Nc3 Bb4 4. Qc2 d6 5. e3 O-O 6. Bd3 e5 7. Ne2 Re8 8. O-O
Bxc3 9. Nxc3 Nc6 10. dxe5 Nb4 11. Qb1 Rxe5 12. e4 Nxd3 13. Qxd3 Bd7 14. b3 b5
15. Nxb5 Nxe4 16. Bb2 Nc5 17. Qd2 Rh5 18. f3 Bxb5 19. cxb5 Qg5 20. f4 Qd5 21.
Qc3 f6 22. Rad1 Qf7 23. Rfe1 Re8 24. Rxe8+ Qxe8 25. b4 Ne6 26. Re1 Qf7 27. g4
Rd5 28. Qc4 Nf8 29. Bd4 Ng6 30. Bf2 h5 31. h3 hxg4 32. hxg4 f5 33. g5 Rd2 34.
Qxf7+ Kxf7 35. Rc1 Nxf4 36. Rxc7+ Kg6 37. Bxa7 Ne6 38. b6 Nxg5 39. Kf1 f4 40. b7
Nf3 41. Rc3 1-0

[Event "Coppa del Mondo FIDE 2025"]
[Site "Goa"]
[Date "03.11.2025"]
[Round "0C"]
[White "Brkic, Ante"]
[Black "Oro, Faustino"]
[Result "1-0"]
[WhiteTitle "GM"]
[BlackTitle "IM"]
[WhiteElo "2579"]
[BlackElo "2495"]
[WhiteFideId "14506688"]
[BlackFideId "20000197"]
[EventDate "2025.11.01"]
[EventType "k.o."]

1. e4 c6 2. d4 d5 3. exd5 cxd5 4. Nf3 Nc6 5. c3 Bg4 6. h3 Bh5 7. Qb3 Qd7 8. Ne5
Nxe5 9. dxe5 a6 10. c4 d4 11. g4 Bg6 12. Bg2 Rb8 13. Nd2 e6 14. Ne4 f5 15. exf6
Nxf6 16. Nxf6+ gxf6 17. O-O Bc5 18. Re1 Kf7 19. Bf4 Rbd8 20. Qf3 Rhf8 21. Rad1
Kg7 22. h4 e5 23. Bd2 h6 24. h5 Bc2 25. Rc1 Bh7 26. b4 Be7 27. c5 Rb8 28. Qg3
Rg8 29. f4 Kh8 30. g5 fxg5 31. fxe5 Qe6 32. c6 bxc6 33. Rxc6 Qxa2 34. Bc1 d3 35.
e6 Rbf8 36. Rc7 Rg7 37. Rxe7 Rxe7 38. Qe5+ Rg7 39. Bb2 Rg8 40. e7 d2 41. Qxg7+
Rxg7 42. e8=Q+ Bg8 43. Bxg7+ Kxg7 44. Qg6+ 1-0

[Event "Coppa del Mondo FIDE 2025"]
[Site "Goa"]
[Date "04.11.2025"]
[Round "1A"]
[White "Gukesh, D"]
[Black "Nogerbek, Kazybek"]
[Result "1/2-1/2"]
[WhiteElo "2752"]
[BlackElo "2543"]
[EventDate "2025.11.01"]
[EventType "k.o."]

1. Nf3 d5 2. c4 e6 3. g3 Nf6 4. Bg2 d4 5. O-O Nc6 6. d3 Bc5 7. Nbd2 O-O 8.
Nb3 Be7 9. h3 e5 10. e3 dxe3 11. Bxe3 a5 12. d4 exd4 13. Nbxd4 Nxd4 14.
Bxd4 Nd7 15. Qb3 Bf6 16. Rad1 Re8 17. Be3 Qe7 18. Rfe1 Qf8 19. Qc2 Ra6 20.
Nd4 Be5 21. f4 Bd6 22. Bf2 Rxe1+ 23. Rxe1 c6 24. Nf5 Bb4 25. Re2 g6 26.
Nh6+ Kg7 27. Ng4 h5 28. Bd4+ Kh7 29. Nf2 Bc5 30. Qc3 Bxd4 31. Qxd4 c5 32.
Qc3 Nf6 33. Bf3 Qd6 34. Re5 Qd4 35. Qxd4 cxd4 36. Nd3 Kg7 37. Nc5 Rd6 38.
Nxb7 Bxb7 39. Bxb7 d3 40. Bf3 d2 41. Bd1 Rd4 42. Kf2 Rxc4 43. Ke3 Rb4 44.
b3 a4 45. bxa4 Rb2 46. a3 Ra2 47. Ke2 Rxa3 48. Re3 Ra1 49. Kxd2 h4 50. gxh4
Nd5 51. Re8 Nxf4 52. Bb3 Ne6 53. Rc8 Nd4 54. Bd1 Kf6 55. Rc1 Ra3 56. Rc3
Ra1 57. Re3 Kf5 58. Re7 f6 59. Rg7 Ra3 60. Bg4+ Ke5 61. Rxg6 Rxa4 62. h5
Ra7 63. h6 Rh7 64. h4 Nf5 65. Bxf5 Kxf5 66. h5 Ke6 67. Ke3 Kf7 68. Kf4 Kf8
69. Kf5 Kf7 70. Ke4 Kf8 71. Kf4 Ra7 72. Rg1 Rh7 73. Rg6 Ra7 74. Kf5 Ra5+
75. Kg4 Ra4+ 76. Kf3 Ra3+ 77. Ke4 Ra4+ 78. Kd3 Ra3+ 79. Kc4 Ra4+ 80. Kb5
Rh4 81. Rxf6+ Kg8 82. h7+ Kxh7 83. h6 Rxh6 84. Rxh6+ Kxh6 1/2-1/2

[Event "Coppa del Mondo FIDE 2025"]
[Site "Goa"]
[Date "04.11.2025"]
[Round "1A"]
[White "Petrov, Martin"]
[Black "Erigaisi, Arjun"]
[Result "0-1"]
[WhiteElo "2540"]
[BlackElo "2773"]
[EventDate "2025.11.01"]
[EventType "k.o."]

1. e4 e5 2. Nf3 Nc6 3. Bc4 Bc5 4. d3 Nf6 5. O-O d6 6. a4 O-O 7. a5 a6 8.
Be3 Bxe3 9. fxe3 Ne7 10. Nc3 Ng6 11. h3 c6 12. d4 Qe7 13. d5 Bd7 14. Nd2
Rac8 15. dxc6 Bxc6 16. Qe2 Bd7 17. Qd3 Be6 18. Na4 Nd7 19. Kh2 Nc5 20. Nxc5
Rxc5 21. Bxe6 Qxe6 22. c4 Ne7 23. Rfd1 Rd8 24. b3 Qc8 25. Kh1 h6 26. Ra2
Qc7 27. b4 Rc6 28. Rc2 Qd7 29. Nb3 Rc7 30. Rcd2 Qa4 31. c5 d5 32. exd5 Rxd5
33. Qc2 Rcd7 34. Rxd5 Rxd5 35. Rxd5 Nxd5 36. Qc4 Nxb4 37. Qg4 Qxb3 0-1

[Event "Coppa del Mondo FIDE 2025"]
[Site "Goa"]
[Date "04.11.2025"]
[Round "1A"]
[White "Praggnanandhaa, R"]
[Black "Kuybokarov, Temur"]
[Result "1/2-1/2"]
[WhiteElo "2771"]
[BlackElo "2535"]
[EventDate "2025.11.01"]
[EventType "k.o."]

1. d4 d5 2. Nf3 Nf6 3. c4 e6 4. g3 Bb4+ 5. Bd2 Be7 6. Bg2 O-O 7. O-O Nbd7
8. Qc2 c6 9. b3 b6 10. Bc3 Ba6 11. Nbd2 c5 12. dxc5 Bxc5 13. Qb2 Re8 14.
cxd5 exd5 15. b4 Bf8 16. b5 Bb7 17. Nd4 Nc5 18. a4 a6 19. Bb4 a5 20. Bc3
Rc8 21. Rfd1 Rc7 22. Nc6 Bxc6 23. Bxf6 Qxf6 24. Qxf6 gxf6 25. bxc6 Rxc6 26.
Bxd5 Rc7 27. e3 Rd8 28. Nc4 Rb8 29. Rd4 Rd7 30. Ra2 Na6 31. Rad2 b5 32.
axb5 Rxb5 33. Bc6 Rxd4 34. Rxd4 Rc5 35. Ba4 Nc7 36. Nb6 Ne6 37. Rd1 Kg7 38.
Nd5 Rc8 39. Ra1 Bd6 40. Kg2 Rc5 41. Bb3 Nc7 42. Nxc7 Bxc7 43. Rd1 Rc3 44.
Ba4 Rc4 45. Bb5 Rc5 46. Bd7 Bd8 47. Ba4 Be7 48. Rd7 Kf8 49. Ra7 h6 50. Kf3
Rh5 51. h4 Re5 52. Ke2 Bb4 53. Bb3 Re7 54. Ra6 Kg7 55. g4 Rc7 56. h5 Rc3
57. Bd5 Rc5 58. e4 Rc2+ 59. Kd3 Rc3+ 60. Ke2 Rc2+ 1/2-1/2

[Event "Coppa del Mondo FIDE 2025"]
[Site "Goa"]
[Date "04.11.2025"]
[Round "1A"]
[White "Maksimovic, Bojan"]
[Black "Giri, Anish"]
[Result "1/2-1/2"]
[WhiteElo "2532"]
[BlackElo "2759"]
[EventDate "2025.11.01"]
[EventType "k.o."]

1. d4 Nf6 2. Bg5 c5 3. Bxf6 gxf6 4. d5 Qb6 5. Qc1 f5 6. g3 Bg7 7. c3 d6 8.
Bg2 Nd7 9. Nf3 Nf6 10. Nh4 e6 11. O-O O-O 12. Qc2 Bd7 13. Nd2 Qc7 14. Rad1
Rad8 15. Rfe1 Bc8 16. e4 fxe4 17. Nxe4 Rfe8 18. Nxf6+ Bxf6 19. Qe4 Qe7 20.
dxe6 Qxe6 21. Qb1 Qd7 22. Nf3 d5 23. h4 Rxe1+ 24. Nxe1 d4 25. c4 Re8 26.
Bf1 Qg4 27. Ng2 b6 28. Re1 Rxe1 29. Qxe1 Qe6 30. Qd2 Bg7 31. Qg5 f6 32. Qh5
Qf7 33. Qxf7+ Kxf7 34. Bd3 f5 35. Kf1 Be5 36. Ke2 Kf6 37. Ne1 Bd6 38. Nf3
f4 39. g4 Bxg4 40. Bxh7 Kg7 41. Be4 Kh6 42. Bd5 Bf5 43. Bf7 Be7 44. Ke1 Bf6
45. h5 Bb1 46. Nd2 Bxa2 47. Ke2 d3+ 48. Kxd3 Bxb2 49. Kc2 Bd4 50. f3 b5 51.
Nb3 Kg7 52. Be8 Bxb3+ 53. Kxb3 b4 54. Bc6 Kh6 55. Be8 Kg5 56. Ka4 Bg7 57.
Kb3 Bd4 58. Ka4 Bg7 59. Kb3 Kh4 60. Bf7 Kg3 61. Bd5 Kf2 62. Bc6 Ke3 63. Bb7
Kd4 64. Bc6 a5 65. Bd7 Kd3 66. Bc6 Ke2 67. Bb7 Ke3 68. Bc6 Kd3 69. Bd7 Kd4
70. Bc6 Bh6 71. Bd7 Ke3 72. Bc6 Kd3 73. Bd7 Ke3 74. Bc6 Kd3 75. Bd7 Ke2 76.
Bc6 Ke3 77. Bb7 Kd3 78. Bc6 1/2-1/2

[Event "Coppa del Mondo FIDE 2025"]
[Site "Goa"]
[Date "04.11.2025"]
[Round "1A"]
[White "So, Wesley"]
[Black "Stremavicius, Titas"]
[Result "1/2-1/2"]
[WhiteElo "2756"]
[BlackElo "2531"]
[EventDate "2025.11.01"]
[EventType "k.o."]

1. e4 e6 2. d4 d5 3. Nc3 Bb4 4. e5 c5 5. a3 Ba5 6. Qg4 Ne7 7. dxc5 Bxc3+ 8.
bxc3 O-O 9. Bd3 Nd7 10. Nf3 Nf5 11. O-O Nxc5 12. Qh5 Nxd3 13. cxd3 b6 14.
Re1 Qc7 15. Bd2 Bd7 16. Rab1 a5 17. Ng5 h6 18. Nf3 f6 19. exf6 Rxf6 20. Ne5
b5 21. c4 Be8 22. Qg4 h5 23. Qh3 bxc4 24. dxc4 dxc4 25. Bg5 Rf8 26. Rbc1
Rc8 27. Rxc4 Qb7 28. Rce4 Qd5 29. Nf3 Bf7 30. Bd2 Rc2 31. Re5 Qa2 32. Bxa5
Qxa3 33. Ng5 Qxh3 34. Nxh3 Rb8 35. Ng5 Nd4 36. h4 Nc6 37. Nxf7 Kxf7 38.
Rxh5 Rbb2 39. Rf1 Nd4 40. Rg5 Ne2+ 41. Kh2 Nf4 42. Rd1 Nd5 43. Rd3 Ra2 44.
Be1 Ra4 45. f3 Raa2 46. Rb3 g6 47. h5 gxh5 48. Rb7+ Rc7 49. Rb8 Rcc2 50.
Rb7+ Rc7 51. Rb8 Rcc2 52. Rbg8 Ke7 53. R8g7+ Kd6 54. Bg3+ Kc6 55. Be5 Ne3
56. Rc7+ Kd5 57. Bb2+ Kd6 58. Be5+ Kd5 59. Bf4+ Nf5 60. Rxc2 Rxc2 61. Rxh5
Rc4 62. Bg3 Rc2 63. Bf4 Rc4 64. Bg3 Rc2 65. Rg5 Kc6 66. Kh3 Re2 67. Bh2 Kd7
68. Rg4 Ke7 69. Ra4 e5 70. Bg1 Kf6 71. g4 Ng7 72. Ra3 Ne6 73. Be3 Kg6 74.
Kg3 Kf6 75. Rb3 Kg6 76. Bc1 Nc5 77. Rc3 Ne6 78. Rb3 Nc5 79. Rb6+ Kf7 80. g5
Nd3 81. g6+ Kg7 82. Bg5 Re1 83. Kg4 Rf1 84. Bd2 Rf2 85. Bc3 Kh6 86. Rd6
Rg2+ 87. Kh4 Nc5 88. Bd2+ Kg7 89. Bg5 Nb3 90. f4 Nc5 91. Kh5 Rh2+ 92. Kg4
exf4 93. Bxf4 Rg2+ 94. Kh5 Kf8 95. Kh6 Ke7 96. Rd5 Ne6 97. Rf5 Ke8 98. Rf6
Ke7 99. Rf7+ Kd8 100. Be5 Ke8 101. Bd6 Kd8 102. Re7 Rh2+ 103. Bxh2 Kxe7
104. Be5 Kf8 105. Kh7 Ng5+ 106. Kh8 Nf7+ 107. gxf7 Kxf7 1/2-1/2

[Event "Coppa del Mondo FIDE 2025"]
[Site "Goa"]
[Date "04.11.2025"]
[Round "1A"]
[White "Kovalev, Vladislav"]
[Black "Keymer, Vincent"]
[Result "0-1"]
[WhiteElo "2557"]
[BlackElo "2755"]
[EventDate "2025.11.01"]
[EventType "k.o."]

1. e4 e5 2. Nf3 Nc6 3. Bc4 Nf6 4. d4 exd4 5. e5 Ne4 6. O-O Be7 7. Bd5 Nc5
8. c3 dxc3 9. Nxc3 O-O 10. Be3 d6 11. exd6 cxd6 12. Qe2 Ne6 13. Rad1 Nc7
14. Bf4 Re8 15. Be4 Ne6 16. Be3 Bf8 17. a3 g6 18. b4 Ne7 19. Nb5 d5 20.
Nxa7 dxe4 21. Rxd8 exf3 22. Rxe8 fxe2 23. Re1 Nc7 24. Rd8 Bf5 25. Rxa8 Nxa8
26. Rxe2 Nc7 27. Bc5 Ned5 28. Bxf8 Kxf8 29. f3 Nc3 30. Re1 N7d5 31. Kf2 h5
32. g3 Be6 33. Rc1 Ke7 34. Ke1 Bf5 35. Kf2 Bd7 36. Ke1 Kd6 37. Kd2 Kc7 38.
a4 Bxa4 39. b5 Kb8 40. b6 Bd7 41. Rxc3 Nxb6 42. g4 hxg4 43. fxg4 Kxa7 44.
h3 Be6 45. Ra3+ Kb8 46. Kd3 Kc7 47. Kd4 Kd6 48. Ra7 Kc6 49. Ke5 Nd7+ 50.
Kf4 b5 51. Kg5 b4 52. h4 b3 53. Ra1 Bc4 54. Rd1 Nc5 55. h5 Ne4+ 56. Kf4 Nf2
57. Rd2 g5+ 58. Kf3 Nd3 59. h6 Ne5+ 60. Ke4 f6 61. h7 b2 62. Kd4 b1=Q 63.
h8=Q Qg1+ 64. Kc3 Qc1+ 65. Rc2 Qa3+ 66. Kd2 Nf3+ 0-1

[Event "Coppa del Mondo FIDE 2025"]
[Site "Goa"]
[Date "04.11.2025"]
[Round "1A"]
[White "Wei, Yi"]
[Black "Piorun, Kacper"]
[Result "1-0"]
[WhiteElo "2754"]
[BlackElo "2557"]
[EventDate "2025.11.01"]
[EventType "k.o."]

1. e4 e5 2. Nf3 Nc6 3. Bc4 Bc5 4. c3 d6 5. d4 exd4 6. cxd4 Bb6 7. Nc3 Nf6
8. Be3 Nxe4 9. Nxe4 d5 10. Bb3 dxe4 11. Ng5 Be6 12. Nxe6 fxe6 13. O-O Bxd4
14. Qh5+ g6 15. Qg4 Qf6 16. Bxe6 Ne5 17. Qxe4 Bxe3 18. Bf7+ Kxf7 19. fxe3
Rhe8 20. Qxb7 Qxf1+ 21. Rxf1+ Kg8 22. Qxc7 a5 23. a4 Rad8 24. Qxa5 Nc4 25.
Qc3 Nd2 26. Rd1 1-0

[Event "Coppa del Mondo FIDE 2025"]
[Site "Goa"]
[Date "04.11.2025"]
[Round "1A"]
[White "Makhnev, Denis"]
[Black "Abdusattorov, Nodirbek"]
[Result "1/2-1/2"]
[WhiteElo "2525"]
[BlackElo "2750"]
[EventDate "2025.11.01"]
[EventType "k.o."]

1. d4 d5 2. Nf3 Nf6 3. Bf4 c5 4. e3 Nc6 5. Nbd2 Bg4 6. c3 e6 7. Bb5 cxd4 8.
exd4 Bd6 9. Bxd6 Qxd6 10. O-O O-O 11. Qe1 Bf5 12. Nh4 Rfe8 13. Nxf5 exf5
14. Qd1 g6 15. Re1 Rxe1+ 16. Qxe1 Re8 17. Qf1 Ne4 18. Re1 Rc8 19. Nb3 Nd8
20. f3 Nf6 21. Qf2 Ne6 22. Nc1 Kg7 23. Bf1 Nf4 24. Qg3 Rd8 25. Re5 Ne6 26.
Nd3 h5 27. Re1 Qb6 28. Qf2 Rc8 29. Qg3 Rh8 30. h4 Rc8 31. Qe5 Re8 32. Qg3
Rc8 33. Qe5 Re8 34. Qg3 Qa5 35. a3 Qb6 36. Kh1 Qd8 37. Kg1 Qb6 38. Kh1 Rc8
39. Re2 Qd8 40. Kg1 Rc6 41. Qe5 Kg8 42. Qg3 Rb6 43. Nc5 Nxc5 44. dxc5 Rc6
45. Qf2 Qc8 46. b4 b6 47. cxb6 axb6 48. Qd4 Kg7 49. Re5 Rxc3 50. Rxd5 Rxa3
51. Bc4 Qe8 52. Re5 Qf8 53. Rb5 Qe7 54. Rxb6 Ra4 55. Bb3 Ra3 56. Bc4 Ra4
57. Bxf7 Ra1+ 58. Qxa1 Qe3+ 59. Kf1 Qxb6 60. Bb3 Qxb4 61. Qa7+ Kh6 62. Qe3+
Kg7 63. Qa7+ Kh6 64. Qe3+ Kg7 65. Qa7+ Kh6 66. Qe3+ 1/2-1/2

[Event "Coppa del Mondo FIDE 2025"]
[Site "Goa"]
[Date "04.11.2025"]
[Round "1A"]
[White "Mamedyarov, Shakhriyar"]
[Black "Kantor, Gergely"]
[Result "1-0"]
[WhiteElo "2742"]
[BlackElo "2559"]
[EventDate "2025.11.01"]
[EventType "k.o."]

1. c4 e5 2. Nc3 Nf6 3. e3 Nc6 4. Qb3 a5 5. Nf3 Bb4 6. a3 Bxc3 7. Qxc3 Qe7
8. b3 d5 9. cxd5 Nxd5 10. Qc2 e4 11. Ng1 O-O 12. Bb2 Bf5 13. f4 exf3 14.
Qxf5 Nxe3 15. Qxf3 Nd4 16. Bxd4 Qh4+ 17. g3 Qxd4 18. Ra2 Ng4 19. Be2 Rae8
20. Kf1 Ne5 21. Qf4 Qd5 22. Nf3 a4 23. Kf2 axb3 24. Rb2 c5 25. d4 Ng6 26.
Qg5 Qe4 27. Re1 h6 28. Qxc5 Qe3+ 29. Kg2 Re6 30. Qc1 Qe4 31. Rxb3 Rfe8 32.
Bc4 Nh4+ 33. Kf2 Qxf3+ 1-0

[Event "Coppa del Mondo FIDE 2025"]
[Site "Goa"]
[Date "04.11.2025"]
[Round "1A"]
[White "Lodici, Lorenzo"]
[Black "Niemann, Hans Moke"]
[Result "1/2-1/2"]
[WhiteElo "2560"]
[BlackElo "2738"]
[EventDate "2025.11.01"]
[EventType "k.o."]

1. e4 e5 2. Nf3 Nc6 3. Bc4 Nf6 4. Ng5 d5 5. exd5 Na5 6. Bb5+ c6 7. dxc6
bxc6 8. Bd3 Nd5 9. Nf3 Bd6 10. O-O Nf4 11. Nc3 Nxd3 12. cxd3 O-O 13. Re1 c5
14. b3 Nc6 15. Ba3 Bg4 16. h3 Bh5 17. Rc1 Re8 18. Ne4 Nb4 19. Bxb4 cxb4 20.
g4 Bg6 21. Rc6 Bf8 22. Qc2 Qd5 23. Qc4 Rad8 24. Qxd5 Rxd5 25. d4 f5 26.
gxf5 Bxf5 27. Kg2 Bd7 28. Rc7 exd4 29. Rxd7 Rxd7 30. Nf6+ gxf6 31. Rxe8 Kf7
32. Rc8 d3 33. Kg3 Bd6+ 34. Kg4 Re7 35. Kf5 Re2 36. Ra8 Rxf2 37. Rxa7+ Kg8
38. Ra8+ Kg7 39. Ke4 f5+ 40. Ke3 Bc5+ 41. Kf4 Bd6+ 42. Ke3 Bc5+ 43. Kf4
Bd6+ 1/2-1/2

[Event "Coppa del Mondo FIDE 2025"]
[Site "Goa"]
[Date "04.11.2025"]
[Round "1A"]
[White "Vachier-Lagrave, Maxime"]
[Black "Ganguly, Surya Shekhar"]
[Result "1-0"]
[WhiteElo "2737"]
[BlackElo "2573"]
[EventDate "2025.11.01"]
[EventType "k.o."]

1. e4 e6 2. Qe2 c5 3. g3 Nc6 4. Bg2 Be7 5. Nc3 h5 6. h3 h4 7. g4 Bd6 8. d3
Nd4 9. Qd1 Ne7 10. f4 g5 11. e5 Bb8 12. fxg5 Bxe5 13. Ne4 d5 14. Nf6+ Bxf6
15. gxf6 Ng6 16. c3 Nc6 17. Nf3 Qxf6 18. O-O Qe7 19. c4 dxc4 20. dxc4 Bd7
21. Ng5 f6 22. Ne4 O-O-O 23. Rxf6 Be8 24. Qf1 Nd4 25. Bg5 Qc7 26. Rf2 Bc6
27. Bxd8 Rxd8 28. Re1 e5 29. Rf7 Rd7 30. Rxd7 Qxd7 31. Qf6 Nf4 32. Qh8+ Qd8
33. Nd6+ Kc7 34. Qxd8+ Kxd8 35. Bxc6 bxc6 36. Re3 Ke7 37. Ne4 1-0

[Event "Coppa del Mondo FIDE 2025"]
[Site "Goa"]
[Date "04.11.2025"]
[Round "1A"]
[White "Ghosh, Diptayan"]
[Black "Nepomniachtchi, Ian"]
[Result "1/2-1/2"]
[WhiteElo "2573"]
[BlackElo "2732"]
[EventDate "2025.11.01"]
[EventType "k.o."]

1. d4 Nf6 2. c4 e6 3. Nc3 Bb4 4. Qc2 c5 5. dxc5 O-O 6. a3 Bxc5 7. Nf3 d5 8.
Bg5 dxc4 9. e3 h6 10. Bh4 Be7 11. Bxc4 Nh5 12. Bxe7 Qxe7 13. Be2 Nc6 14.
O-O Bd7 15. Rfd1 Rfd8 16. Nd2 Nf6 17. Nc4 Be8 18. Rxd8 Rxd8 19. Rd1 Nd5 20.
Bf3 Nxc3 21. Rxd8 Qxd8 22. Qxc3 Ne7 23. h3 Bc6 24. Ne5 Bxf3 25. Nxf3 Qd1+
26. Qe1 Qd6 27. Qc3 Qd1+ 28. Qe1 Qd6 29. Qc3 Qd1+ 30. Qe1 Qd6 1/2-1/2

[Event "Coppa del Mondo FIDE 2025"]
[Site "Goa"]
[Date "04.11.2025"]
[Round "1A"]
[White "Le, Quang Liem"]
[Black "Jobava, Baadur"]
[Result "1/2-1/2"]
[WhiteElo "2729"]
[BlackElo "2573"]
[EventDate "2025.11.01"]
[EventType "k.o."]

1. d4 Nf6 2. c4 c5 3. d5 g6 4. Nc3 Bg7 5. e4 d6 6. Be2 O-O 7. Nf3 e6 8. O-O
exd5 9. cxd5 a6 10. a4 Bg4 11. Bf4 Re8 12. Nd2 Bxe2 13. Qxe2 Nh5 14. Be3
Nd7 15. Rad1 Bd4 16. Nc4 Ne5 17. Na3 Bxe3 18. Qxe3 Qh4 19. f3 f5 20. Qf2
Qf6 21. f4 Ng4 22. Qf3 Qh4 23. h3 Ngf6 24. exf5 Ng3 25. fxg6 Nxf1 26. gxh7+
Kxh7 27. Rxf1 Rg8 28. Kh2 Ng4+ 29. Kg1 Nf6 30. Kh2 Ng4+ 31. Kh1 Nf6 1/2-1/2

[Event "Coppa del Mondo FIDE 2025"]
[Site "Goa"]
[Date "04.11.2025"]
[Round "1A"]
[White "Supi, Luis Paulo"]
[Black "Rapport, Richard"]
[Result "0-1"]
[WhiteElo "2575"]
[BlackElo "2724"]
[EventDate "2025.11.01"]
[EventType "k.o."]

1. e4 c5 2. Nf3 e6 3. d4 cxd4 4. Nxd4 a6 5. a3 Nf6 6. Nc3 d6 7. Be3 Be7 8.
Bc4 O-O 9. Qe2 b5 10. Ba2 Qc7 11. g4 d5 12. exd5 Bxa3 13. Nd1 e5 14. Nf5
Bxf5 15. gxf5 Bb4+ 16. c3 Bd6 17. Bg5 Nbd7 18. Ne3 b4 19. Qc4 Qb8 20. Qh4
Kh8 21. Nc4 a5 22. O-O Bc5 23. Rad1 a4 24. cxb4 Qxb4 25. Bd2 Qb8 26. Bc3
Bb4 27. d6 Bxc3 28. bxc3 a3 29. Rfe1 Ra4 30. Qg3 Re8 31. Rb1 Qa8 32. Rb4 e4
33. Qe3 Rxb4 34. cxb4 Qd5 35. Qf4 h6 36. f3 e3 37. Rxe3 Qd1+ 38. Kg2 Qc2+
39. Kh3 Rxe3 40. Qxe3 Qxa2 41. Nxa3 Qd5 0-1

[Event "Coppa del Mondo FIDE 2025"]
[Site "Goa"]
[Date "04.11.2025"]
[Round "1A"]
[White "Aronian, Levon"]
[Black "Aronyak, Ghosh"]
[Result "1-0"]
[WhiteElo "2722"]
[BlackElo "2514"]
[EventDate "2025.11.01"]
[EventType "k.o."]

1. e4 e5 2. Bc4 Nf6 3. d3 c6 4. Nf3 d5 5. exd5 cxd5 6. Bb3 Bb4+ 7. c3 Bd6
8. O-O O-O 9. Bg5 Be6 10. Nbd2 Nbd7 11. Re1 h6 12. Bh4 Qc7 13. c4 Bf5 14.
cxd5 Bxd3 15. Rc1 Qb8 16. Nc4 Bxc4 17. Rxc4 e4 18. Nd2 Bxh2+ 19. Kh1 g5 20.
g3 gxh4 21. Nxe4 hxg3 22. fxg3 Nxe4 23. Rcxe4 Nf6 24. d6 Bxg3 25. Rg4+ Nxg4
26. Qxg4+ Kh8 27. Qd4+ f6 28. Qd2 Rf7 29. Bxf7 Kg7 30. Qd3 1-0

[Event "Coppa del Mondo FIDE 2025"]
[Site "Goa"]
[Date "04.11.2025"]
[Round "1A"]
[White "Petrov, Nikita"]
[Black "Sindarov, Javokhir"]
[Result "0-1"]
[WhiteElo "2576"]
[BlackElo "2721"]
[EventDate "2025.11.01"]
[EventType "k.o."]

1. d4 d5 2. c4 e6 3. Nf3 Nf6 4. g3 dxc4 5. Bg2 Bb4+ 6. Bd2 a5 7. Qc1 b6 8.
Qxc4 Ba6 9. Qc2 c5 10. a3 Bxd2+ 11. Nbxd2 cxd4 12. Nxd4 Ra7 13. N2f3 O-O
14. Rd1 Rc7 15. Qd2 Nbd7 16. O-O Qe7 17. Rc1 Rfc8 18. Rxc7 Rxc7 19. Rc1
Rxc1+ 20. Qxc1 Qd6 21. Qc2 g6 22. e3 Kf8 23. Qc6 Qxc6 24. Nxc6 Ne8 25. b4
axb4 26. Nxb4 Bc8 27. Kf1 Nd6 28. Nd2 Ne5 29. Ke1 Bd7 30. Bf1 Ke7 31. h3
Ba4 32. f4 Nd7 33. g4 h6 34. Nc4 Nxc4 35. Bxc4 g5 36. Nd3 Kd6 37. Kf2 Bc6
38. Kg3 f6 39. h4 b5 40. Bb3 Bd5 41. Bd1 Nb6 42. hxg5 hxg5 43. Nb2 Nc4 44.
Nxc4+ bxc4 45. Kf2 c3 46. Ke2 Bc4+ 47. Ke1 Kc5 48. fxg5 fxg5 49. Bc2 Bd5
50. Ke2 Kc4 51. Kf2 Bc6 52. Kg3 e5 53. Kf2 e4 54. Ke1 Bd7 55. Kf2 Bxg4 56.
Bxe4 Kb3 57. Kg3 Be6 58. Bd3 Kxa3 59. Kf3 Kb2 0-1

[Event "Coppa del Mondo FIDE 2025"]
[Site "Goa"]
[Date "04.11.2025"]
[Round "1A"]
[White "Yu, Yangyi"]
[Black "Blohberger, Felix"]
[Result "1/2-1/2"]
[WhiteElo "2720"]
[BlackElo "2513"]
[EventDate "2025.11.01"]
[EventType "k.o."]

1. c4 Nf6 2. d4 e6 3. Nc3 Bb4 4. Nf3 d5 5. cxd5 exd5 6. Bg5 h6 7. Bh4 O-O
8. e3 Bf5 9. Qb3 Bxc3+ 10. Qxc3 g5 11. Bg3 Ne4 12. Qa3 Nd7 13. Bd3 c6 14.
O-O Nxg3 15. hxg3 Qf6 16. b4 a6 17. Qb3 Bxd3 18. Qxd3 Kg7 19. a4 h5 20. b5
axb5 21. axb5 h4 22. Rxa8 Rxa8 23. bxc6 bxc6 24. gxh4 gxh4 25. e4 Nf8 26.
e5 Qf4 27. Qe3 Ne6 28. Qxf4 Nxf4 29. Kh2 Ng6 30. Rc1 Ra6 31. Kh3 Ra2 32.
Rxc6 Rxf2 33. Rf6 Rf1 34. Rf5 Rh1+ 35. Kg4 Rd1 36. Kh5 Rf1 37. Nxh4 Rh1 38.
g3 Nf8 39. Rg5+ Kh7 40. Rf5 Kg7 41. Rf3 Ne6 42. Rd3 Kh7 43. Rd2 Rg1 44. Nf5
Ng7+ 45. Kg5 Nxf5 46. Kxf5 Rf1+ 47. Kg5 Kg7 48. Rd3 Rf2 49. Ra3 Rd2 50. Ra7
Kf8 51. Rd7 Rd3 52. Rxd5 Rxg3+ 53. Kf5 Re3 54. Ra5 Re1 55. d5 Ke8 56. d6
Rf1+ 57. Ke4 Rd1 58. Ra7 Rd2 59. Ra8+ Kd7 60. Rf8 Rf2 61. Kd5 Rd2+ 62. Kc5
Rc2+ 63. Kd4 Rf2 64. Ra8 Rf1 65. Ra7+ Kd8 66. Ke4 Ke8 67. Kd5 Kd8 68. Rb7
Rd1+ 69. Ke4 Rf1 70. Rc7 Ke8 71. Kd5 Kd8 72. Rc4 Kd7 73. Rh4 Rd1+ 74. Ke4
Ke6 75. Rh6+ Kd7 76. Rf6 Re1+ 77. Kf4 Ke8 78. Rf5 Rg1 79. Rh5 Rf1+ 80. Kg5
Rg1+ 81. Kf6 Rg6+ 82. Kf5 Rg1 83. Rh4 Rf1+ 84. Kg5 Rg1+ 85. Rg4 Re1 86. Kf5
Rf1+ 87. Rf4 Rg1 88. Rf2 Rh1 89. Rf4 Rg1 90. Rf3 Rh1 91. Rd3 Rf1+ 92. Ke4
Re1+ 93. Re3 Rd1 94. Ra3 Kd7 95. Ra7+ Ke8 96. Re7+ Kf8 97. Kf4 Rf1+ 98. Ke3
Rd1 99. Ke4 Rd2 100. Ra7 Ke8 101. Ra1 Re2+ 102. Kd3 Rxe5 103. Kd4 Rh5 104.
Ra7 Kd8 105. Rxf7 Rh1 106. Kd5 Rd1+ 107. Ke6 Re1+ 108. Kd5 Rd1+ 109. Ke4
1/2-1/2